[Event "Reykjavik Open 2015"]
[Site "Reykjavik ISL"]
[Date "2015.03.17"]
[Round "9.132"]
[White "Kristbergsson, Bjorgvin"]
[Black "Heidarsson, Arnar"]
[Result "1-0"]
[WhiteElo "1159"]
[BlackElo "1119"]
[WhiteFideId "2305232"]
[BlackFideId "2312875"]
[EventDate "2015.03.10"]

1. Nc3 e5 2. e4 Nc6 3. a3 Nf6 4. Bc4 Bc5 5. Qe2 Nd4 6. Qd3 Nh5 7. g3 c6 8. Na4
Qe7 9. Bxf7+ Kxf7 10. b4 Bb6 11. Nxb6 axb6 12. Nf3 Qd6 13. c3 Nb5 14. Ng5+ Kf6
15. Qf3+ Kxg5 16. d4+ Kg6 17. Qf5# 1-0

[Event "Reykjavik Open 2015"]
[Site "Reykjavik ISL"]
[Date "2015.03.18"]
[Round "10.3"]
[White "Hammer, Jon Ludvig"]
[Black "Fier, Alexandr"]
[Result "1/2-1/2"]
[WhiteTitle "GM"]
[BlackTitle "GM"]
[WhiteElo "2651"]
[BlackElo "2601"]
[WhiteFideId "1503707"]
[BlackFideId "2107139"]
[EventDate "2015.03.10"]

1. d4 Nf6 2. c4 g6 3. Nf3 Bg7 4. g3 c5 5. Bg2 cxd4 6. Nxd4 O-O 7. Nc3 Qc7 8. b3
d5 9. Ndb5 Qa5 10. Bd2 dxc4 11. bxc4 Qd8 12. O-O a6 13. Na3 Nbd7 14. Na4 Nb6 15.
Nxb6 Qxb6 16. Qb3 Qc5 17. Bb4 Qc7 18. Rac1 Be6 19. Bc3 Rab8 20. Qb2 Qc5 21. Be5
Nh5 22. Bxg7 Nxg7 23. Rfd1 Rfc8 24. Bd5 Qa5 25. Nb1 b5 26. Bxe6 Nxe6 27. cxb5
Rxc1 28. Rxc1 Qxb5 29. Qxb5 Rxb5 30. Nc3 Ra5 31. h4 Nd4 32. Kf1 Nb5 33. Nxb5
Rxb5 34. Rc4 Rb1+ 1/2-1/2

[Event "Reykjavik Open 2015"]
[Site "Reykjavik ISL"]
[Date "2015.03.18"]
[Round "10.4"]
[White "Jones, Gawain C B"]
[Black "Libiszewski, Fabien"]
[Result "0-1"]
[WhiteTitle "GM"]
[BlackTitle "GM"]
[WhiteElo "2642"]
[BlackElo "2514"]
[WhiteFideId "409561"]
[BlackFideId "616834"]
[EventDate "2015.03.10"]

1. e4 e6 2. d4 d5 3. Nd2 Nf6 4. e5 Nfd7 5. Bd3 c5 6. c3 Nc6 7. Ngf3 f6 8. exf6
Nxf6 9. O-O cxd4 10. cxd4 Bd6 11. b3 O-O 12. Bb2 Bd7 13. a3 a5 14. Re1 Qb6 15.
Rc1 Rae8 16. Nb1 Kh8 17. Qe2 Qxb3 18. Ba1 Qb6 19. Rc2 e5 20. dxe5 Ng4 21. Rb2
Qa7 22. exd6 Rxe2 23. Rbxe2 Qc5 24. h3 Nf6 25. Rb2 Bc8 26. d7 Nxd7 27. Ng5 Nf6
28. Rc2 Qd6 29. Rce2 h6 30. Ne6 Re8 31. Nd4 Rxe2 32. Rxe2 Nxd4 33. Bxd4 Bd7 34.
Be5 Qf8 35. Bc3 Qc5 36. Bb2 Bc6 37. Rc2 Qe7 38. Nd2 Qe1+ 39. Nf1 Ne4 40. Re2 Qd1
41. Re3 Kg8 42. Kh2 Nxf2 43. Be2 Qc2 44. Bd4 Ne4 45. Bd3 Qa4 46. Be5 Qd1 47. Ng3
Nxg3 48. Rxg3 g5 49. Rf3 Qe1 50. Bc3 Qe7 51. Bd4 Be8 52. Re3 Qd6+ 53. Kh1 Bg6
54. Bb5 Qf4 55. Bb6 Be4 56. a4 g4 57. hxg4 Qxg4 58. Re2 h5 59. Bc7 h4 60. Kh2
Qf5 61. Rd2 Kh7 62. Re2 d4 63. Bxa5 d3 64. Rd2 Qf4+ 65. Kg1 h3 66. gxh3 Qg3+ 67.
Kf1 Bf5 0-1

[Event "Reykjavik Open 2015"]
[Site "Reykjavik ISL"]
[Date "2015.03.18"]
[Round "10.7"]
[White "Melkumyan, Hrant"]
[Black "Pakleza, Zbigniew"]
[Result "1-0"]
[WhiteTitle "GM"]
[BlackTitle "GM"]
[WhiteElo "2676"]
[BlackElo "2498"]
[WhiteFideId "13302485"]
[BlackFideId "1119290"]
[EventDate "2015.03.10"]

1. c4 c6 2. e4 e5 3. Nf3 Nf6 4. Nc3 Bb4 5. Nxe5 O-O 6. Nd3 Bxc3 7. dxc3 Nxe4 8.
Be2 d5 9. cxd5 Qxd5 10. O-O Nd7 11. Be3 Nb6 12. Nf4 Qxd1 13. Rfxd1 Re8 14. f3
Nf6 15. Kf2 Be6 16. Nxe6 fxe6 17. c4 e5 18. a4 Nc8 19. Ra3 Ne7 20. g4 Ng6 21. g5
Nh5 22. Rd7 b6 23. c5 bxc5 24. Bxc5 a5 25. Bc4+ Kh8 26. Bf7 Reb8 27. Rb3 Nhf4
28. Kg3 Ne2+ 29. Kf2 Nef4 30. Ke3 Rxb3+ 31. Bxb3 Nh3 32. Bb6 Nxg5 33. Rd8+ Rxd8
34. Bxd8 h6 35. Bxa5 Ne7 36. Bc3 Nf5+ 37. Kd3 Nxf3 38. a5 Nd6 39. a6 Nb5 40. Bc4
Na7 41. Ke4 Nxh2 42. Be2 h5 43. Bxe5 Ng4 44. Bxg4 hxg4 45. Bd4 Nb5 46. Bb6 1-0

[Event "Reykjavik Open 2015"]
[Site "Reykjavik ISL"]
[Date "2015.03.18"]
[Round "10.8"]
[White "Idani, Pouya"]
[Black "Movsesian, Sergei"]
[Result "1/2-1/2"]
[WhiteTitle "GM"]
[BlackTitle "GM"]
[WhiteElo "2496"]
[BlackElo "2665"]
[WhiteFideId "12510130"]
[BlackFideId "310204"]
[EventDate "2015.03.10"]

1. e4 c5 2. Nf3 e6 3. d4 cxd4 4. Nxd4 Nc6 5. Nc3 a6 6. Nxc6 bxc6 7. Bd3 d5 8.
O-O Nf6 9. Qe2 Be7 10. b3 O-O 11. Bb2 Bb7 12. Rad1 Qc7 13. Rfe1 Rfe8 14. Na4
dxe4 15. Bxe4 Nxe4 16. Qxe4 Rad8 17. Qg4 Bf8 18. Nc5 h5 19. Qc4 Rd5 20. Nxb7
Qxb7 21. Qe2 Red8 22. Rxd5 Rxd5 23. c4 Rd8 24. Rd1 Rxd1+ 25. Qxd1 Qb4 26. a3 Qa5
27. h3 Qf5 28. b4 Be7 29. Bd4 Qe4 30. Be3 Qxc4 31. Qxh5 Qd3 32. Bc5 Bf6 33. a4
Qc2 34. a5 Qb1+ 35. Kh2 Qe4 36. Qd1 Be5+ 37. Kg1 Qc4 38. g3 Bc3 39. Qf1 Qb5 40.
Qd1 Qc4 41. Qd7 Bxb4 42. Bxb4 Qxb4 43. Qc8+ Kh7 44. Qxa6 Qe1+ 45. Kg2 Qe4+ 46.
Kg1 Qe1+ 47. Kg2 Qe4+ 48. Kg1 1/2-1/2

[Event "Reykjavik Open 2015"]
[Site "Reykjavik ISL"]
[Date "2015.03.18"]
[Round "10.9"]
[White "Grandelius, Nils"]
[Black "Petrov, Nikita"]
[Result "1-0"]
[WhiteTitle "GM"]
[BlackTitle "IM"]
[WhiteElo "2603"]
[BlackElo "2435"]
[WhiteFideId "1710400"]
[BlackFideId "4101286"]
[EventDate "2015.03.10"]

1. e4 c5 2. Nf3 e6 3. d4 cxd4 4. Nxd4 Nc6 5. Nc3 Qc7 6. f4 a6 7. Nxc6 Qxc6 8.
Bd3 b5 9. Qe2 Bb7 10. Bd2 Be7 11. a3 Rc8 12. O-O-O Nf6 13. Kb1 Qb6 14. g4 d5 15.
exd5 Nxd5 16. Rhe1 Nxc3+ 17. Bxc3 Rxc3 18. bxc3 O-O 19. f5 e5 20. Be4 Bxa3 21.
Bxb7 Qxb7 22. Qxe5 Qc6 23. Rd3 Bc5 24. Qd5 Qc7 25. Re5 Be7 26. Qe4 Bf6 27. Re8
g6 28. Qa8 Rxe8 29. Qxe8+ Kg7 30. Rd7 Qxc3 31. Rxf7+ Kh6 32. Qf8+ Bg7 33. Qxg7+ 1-0

[Event "Reykjavik Open 2015"]
[Site "Reykjavik ISL"]
[Date "2015.03.18"]
[Round "10.10"]
[White "Grover, Sahaj"]
[Black "Cornette, Matthieu"]
[Result "1/2-1/2"]
[WhiteTitle "GM"]
[BlackTitle "GM"]
[WhiteElo "2519"]
[BlackElo "2585"]
[WhiteFideId "5021103"]
[BlackFideId "620084"]
[EventDate "2015.03.10"]

1. e4 c5 2. Nf3 Nc6 3. Bb5 e6 4. Bxc6 bxc6 5. d3 Ne7 6. O-O Ng6 7. e5 Be7 8. Nc3
f6 9. h4 h5 10. d4 cxd4 11. Qxd4 Qb6 12. Qe4 f5 13. Qa4 a5 14. Bg5 Ba6 15. Bxe7
Kxe7 16. Rfe1 Qxb2 17. Qd4 Qb4 18. Qd2 Qg4 19. Red1 Nf4 20. Qxd7+ Kf8 21. Ne1
Nh3+ 22. Kh2 Nxf2 23. Nf3 Qf4+ 24. Kg1 Nh3+ 25. Kh1 Nf2+ 26. Kg1 Nh3+ 27. Kh1
Nf2+ 28. Kg1 Nh3+ 29. Kh1 Nf2+ 1/2-1/2

[Event "Reykjavik Open 2015"]
[Site "Reykjavik ISL"]
[Date "2015.03.18"]
[Round "10.11"]
[White "Nguyen, Thai Dai Van"]
[Black "Steingrimsson, Hedinn"]
[Result "0-1"]
[WhiteTitle "FM"]
[BlackTitle "GM"]
[WhiteElo "2338"]
[BlackElo "2530"]
[WhiteFideId "358878"]
[BlackFideId "2300117"]
[EventDate "2015.03.10"]

1. e4 g6 2. d4 Bg7 3. Nc3 d6 4. Be3 a6 5. Nf3 b5 6. a3 Bb7 7. Bd3 Nd7 8. d5 c6
9. dxc6 Bxc6 10. Nd4 Bb7 11. a4 bxa4 12. Rxa4 Nc5 13. Ra1 Nf6 14. f3 Nxd3+ 15.
Qxd3 O-O 16. O-O Qc7 17. Nb3 Rfb8 18. Na5 Bc8 19. Qc4 Qxc4 20. Nxc4 Rb4 21. b3
Be6 22. Na2 Rb5 23. Na3 Rb7 24. Bd4 Rc8 25. Rab1 Nd7 26. Bxg7 Kxg7 27. Nc1 f5
28. exf5 Bxf5 29. Rb2 Nb6 30. Ne2 Na4 31. Ra2 Nc3 32. Nxc3 Rxc3 33. g4 Be6 34.
Nb1 Rc6 35. Nd2 d5 36. Rfa1 d4 37. Rxa6 Rxc2 38. Rxe6 Rxd2 39. Rae1 Kf7 40. g5
Rd7 41. R6e4 Rd3 42. Rf4+ Ke8 43. Rc1 Rd5 44. Rc8+ Kd7 45. Rc4 Rxg5+ 46. Kf2 e5
47. Rf7+ Ke6 48. Rfc7 Rd2+ 49. Ke1 Rgg2 50. h4 Rde2+ 51. Kd1 d3 52. Rg4 Rgf2 53.
Rg1 Rd2+ 54. Kc1 Ra2 55. Kb1 Rfb2+ 56. Kc1 d2+ 0-1

[Event "Reykjavik Open 2015"]
[Site "Reykjavik ISL"]
[Date "2015.03.18"]
[Round "10.13"]
[White "Maze, Sebastien"]
[Black "Norowitz, Yaacov"]
[Result "1/2-1/2"]
[WhiteTitle "GM"]
[BlackTitle "IM"]
[WhiteElo "2564"]
[BlackElo "2422"]
[WhiteFideId "613762"]
[BlackFideId "2024799"]
[EventDate "2015.03.10"]

1. e4 c5 2. Nf3 e6 3. c4 Nc6 4. Nc3 Nd4 5. Nxd4 cxd4 6. Ne2 e5 7. Ng3 Nf6 8. Be2
g6 9. O-O h5 10. d3 h4 11. Nh1 d6 12. f4 Nd7 13. Bg4 Bh6 14. Bd2 Nc5 15. Bxc8
Rxc8 16. f5 Bxd2 17. Qxd2 g5 18. b4 Nd7 19. f6 Nxf6 20. Qxg5 Nh5 21. Qf5 Qd7 22.
Qxd7+ Kxd7 23. Rxf7+ Ke6 24. Rxb7 Nf4 25. Rd1 Rcf8 26. Rd2 Rhg8 27. g3 Nh3+ 28.
Kg2 Nf4+ 29. Kg1 Nh3+ 30. Kg2 Nf4+ 31. Kg1 1/2-1/2

[Event "Reykjavik Open 2015"]
[Site "Reykjavik ISL"]
[Date "2015.03.18"]
[Round "10.15"]
[White "Gretarsson, Hjorvar Steinn"]
[Black "Khademalsharieh, Sarasadat"]
[Result "1/2-1/2"]
[WhiteTitle "GM"]
[BlackTitle "WGM"]
[WhiteElo "2554"]
[BlackElo "2357"]
[WhiteFideId "2302241"]
[BlackFideId "12512214"]
[EventDate "2015.03.10"]

1. c4 Nf6 2. Nc3 e6 3. e4 d5 4. cxd5 exd5 5. e5 Ne4 6. Nf3 Nc6 7. Bb5 Be7 8. O-O
O-O 9. Re1 Nxc3 10. dxc3 Bg4 11. Qd3 Qd7 12. Nd4 a6 13. Nxc6 axb5 14. Nxe7+ Qxe7
15. Qxd5 c6 16. Qd6 Qe6 17. Qxe6 Bxe6 18. a3 Rfd8 19. Bg5 Rd5 20. Rad1 Kf8 21.
f3 h6 22. Bh4 Ra4 23. Bf2 Ke7 24. Rxd5 Bxd5 25. Bc5+ Ke6 26. Bf8 g5 27. Bxh6 g4
28. fxg4 Rxg4 29. g3 Re4 30. Rxe4 Bxe4 31. Bg7 Kf5 32. h3 Bd5 33. Kf2 Ke4 34. h4
Be6 35. h5 Bf5 36. Bf6 c5 37. b3 c4 38. bxc4 bxc4 39. a4 Bg4 40. h6 Bf5 41. g4
Bg6 42. Kg3 Kd5 43. Kf4 Bh7 44. Ke3 Bg6 45. Kd2 Ke4 46. Kc1 Kf4 47. g5 Kg4 48.
Kb2 Bd3 49. Ka3 Kh5 50. Kb4 Kg6 51. Kc5 Kh7 52. Kd5 Kg6 53. Kd6 Kh7 54. Ke7 Bg6
55. Kf8 Bh5 56. Bg7 Bg6 57. Ke7 Bh5 58. a5 Bg6 59. Kd6 Bf5 60. Bf6 Bg6 61. Kd5
Bd3 62. g6+ Kxg6 63. Bg7 Kh7 64. Kd4 1/2-1/2

[Event "Reykjavik Open 2015"]
[Site "Reykjavik ISL"]
[Date "2015.03.18"]
[Round "10.16"]
[White "Gao, Rui"]
[Black "Sarkar, Justin"]
[Result "1/2-1/2"]
[WhiteTitle "GM"]
[BlackTitle "IM"]
[WhiteElo "2533"]
[BlackElo "2376"]
[WhiteFideId "8602387"]
[BlackFideId "2010011"]
[EventDate "2015.03.10"]

1. e4 c6 2. Nc3 d5 3. Nf3 Nf6 4. e5 Ne4 5. d4 Nxc3 6. bxc3 Bg4 7. h3 Bxf3 8.
Qxf3 e6 9. Rb1 b5 10. Be2 Nd7 11. O-O h5 12. a4 a6 13. Ra1 Nb6 14. axb5 axb5 15.
Be3 Be7 16. g3 g6 17. Kg2 Ra4 18. Rh1 Kf8 19. Bd3 Kg7 20. Qf4 Rxa1 21. Rxa1 Na4
22. Bd2 Qb8 23. Qe3 Qb7 24. f3 Nb2 25. g4 Nc4 26. Bxc4 bxc4 27. Qf4 hxg4 28.
fxg4 g5 29. Qf2 Qb8 30. Rf1 Qg8 31. Be3 Kf8 32. Qd2 Qg6 33. Kg3 Kg7 34. Ra1 Qh7
35. Qg2 Rb8 36. Bc1 Qh4+ 37. Kh2 Qh8 38. Ra7 Qf8 39. Qf2 Ra8 40. Rb7 Rb8 41. Ra7
Ra8 42. Rc7 Qd8 43. Rb7 Rb8 44. Ra7 Ra8 45. Rb7 Rb8 46. Ra7 Ra8 1/2-1/2

[Event "Reykjavik Open 2015"]
[Site "Reykjavik ISL"]
[Date "2015.03.18"]
[Round "10.17"]
[White "Granda Zuniga, Julio E"]
[Black "Galego, Luis"]
[Result "1-0"]
[WhiteTitle "GM"]
[BlackTitle "GM"]
[WhiteElo "2646"]
[BlackElo "2461"]
[WhiteFideId "3800024"]
[BlackFideId "1900072"]
[EventDate "2015.03.10"]

1. Nf3 c5 2. e4 d6 3. d4 cxd4 4. Nxd4 Nf6 5. Nc3 a6 6. Be3 e5 7. Nb3 Be6 8. f3
Be7 9. g4 Nfd7 10. Qd2 Bh4+ 11. Bf2 h5 12. gxh5 Rxh5 13. O-O-O Be7 14. Kb1 Nf6
15. f4 Nbd7 16. f5 Bxb3 17. axb3 Rc8 18. Bg2 b5 19. h4 Rh7 20. Bf3 b4 21. Na4 a5
22. Qe2 Qc7 23. Rd2 Qb7 24. Rhd1 Rc6 25. Ka2 Kf8 26. h5 Qa6 27. Qxa6 Rxa6 28.
Rh1 Rc6 29. Kb1 Bd8 30. c3 bxc3 31. bxc3 Nb6 32. Bxb6 Bxb6 33. Kc2 Ke7 34. Kd3
Rh8 35. Rg2 Rh7 36. Nb2 Rc8 37. Nc4 Rb8 38. Ra2 Bc7 39. Kc2 Rb5 40. Ne3 Rb8 41.
Ra4 Rhh8 42. Rha1 Bb6 43. Nc4 Nxh5 44. Rh1 g6 45. Nxb6 Rxb6 46. Rxa5 Kf6 47.
Raa1 Kg7 48. Ra7 Kf6 49. Be2 Rc6 50. Bc4 Rf8 51. Bd5 Rb6 52. fxg6 fxg6 53. b4
Nf4 54. Kb3 Rbb8 55. Bc4 Ra8 56. Rah7 Rab8 57. b5 Kg5 58. Rg1+ Kf6 59. Kb4 Rbd8
60. b6 d5 61. Bxd5 Nxd5+ 62. exd5 e4 63. c4 e3 64. Re1 Rfe8 65. Rh3 1-0

[Event "Reykjavik Open 2015"]
[Site "Reykjavik ISL"]
[Date "2015.03.18"]
[Round "10.18"]
[White "Le Roux, Jean-Pierre"]
[Black "Shen, Victor C"]
[Result "1-0"]
[WhiteTitle "GM"]
[BlackTitle "IM"]
[WhiteElo "2548"]
[BlackElo "2401"]
[WhiteFideId "609404"]
[BlackFideId "2028581"]
[EventDate "2015.03.10"]

1. d4 d5 2. Nf3 Nf6 3. c4 c6 4. g3 Bg4 5. Ne5 Bf5 6. cxd5 cxd5 7. Nc3 Nc6 8. f3
Rc8 9. Bg2 e6 10. g4 Bg6 11. h4 h6 12. Nxg6 fxg6 13. Qd3 Kf7 14. Be3 e5 15. dxe5
Nxe5 16. Qb5 Nc4 17. Bd4 b6 18. f4 Bc5 19. Bxf6 gxf6 20. Bxd5+ Kg7 21. Bxc4 Qd4
22. Rd1 Qf2+ 23. Kd2 Rhd8+ 24. Kc2 Bd4 25. Rh3 Rc5 26. Qa6 b5 27. Rf3 Qg2 28.
Rxd4 1-0

[Event "Reykjavik Open 2015"]
[Site "Reykjavik ISL"]
[Date "2015.03.18"]
[Round "10.19"]
[White "Stopa, Jacek"]
[Black "Rosner, Jonas"]
[Result "0-1"]
[WhiteTitle "IM"]
[BlackTitle "FM"]
[WhiteElo "2544"]
[BlackElo "2324"]
[WhiteFideId "1119591"]
[BlackFideId "24608513"]
[EventDate "2015.03.10"]

1. d4 d5 2. c4 c6 3. Nc3 Nf6 4. e3 e6 5. Nf3 Nbd7 6. Bd3 dxc4 7. Bxc4 b5 8. Bd3
Bd6 9. O-O O-O 10. a4 b4 11. Ne4 Nxe4 12. Bxe4 Bb7 13. a5 Rc8 14. Qe2 Qc7 15. a6
Ba8 16. h3 Nf6 17. Bd3 c5 18. e4 cxd4 19. Nxd4 Bc5 20. Nb3 Nd7 21. Ra5 Bb6 22.
Rh5 Ne5 23. Bb1 f6 24. Kh1 g6 25. Rh4 Qc4 26. Qxc4 Nxc4 27. Rg4 Rfd8 28. Rg3 Bc6
29. Rd3 Rxd3 30. Bxd3 Ne5 31. Be2 Bxe4 32. Be3 Bxe3 33. fxe3 Rc2 34. Nd4 Rxb2
35. Rxf6 Bf5 36. Nxf5 exf5 37. Re6 Rxe2 38. Rxe5 b3 39. Kh2 b2 40. Rb5 Kg7 41.
Kg3 Rxe3+ 42. Kf2 Ra3 43. Rxb2 Rxa6 44. Rb7+ Kh6 45. h4 Ra3 46. g3 a5 47. Ra7
Kh5 48. Rxh7+ Kg4 49. Rg7 Rf3+ 50. Ke2 Rxg3 51. Rxg6+ Kxh4 52. Ra6 Ra3 53. Rg6
a4 54. Kf2 Rb3 55. Rg8 a3 56. Rg7 f4 57. Rg8 Rg3 58. Rh8+ Kg4 59. Rg8+ Kf5 60.
Rf8+ Ke4 61. Re8+ Kd3 62. Rf8 Kc2 63. Rxf4 Rb3 64. Kg2 a2 65. Rf2+ Kb1 0-1

[Event "Reykjavik Open 2015"]
[Site "Reykjavik ISL"]
[Date "2015.03.18"]
[Round "10.20"]
[White "Brunello, Sabino"]
[Black "Antal, Tibor Kende"]
[Result "0-1"]
[WhiteTitle "GM"]
[BlackTitle "FM"]
[WhiteElo "2540"]
[BlackElo "2317"]
[WhiteFideId "813613"]
[BlackFideId "738581"]
[EventDate "2015.03.10"]

1. d4 Nf6 2. c4 e6 3. Nc3 Bb4 4. e3 O-O 5. Ne2 d5 6. a3 Be7 7. cxd5 exd5 8. h3
c6 9. g4 Ne8 10. Ng3 Nd6 11. Bg2 f5 12. O-O Bh4 13. Nh5 Nd7 14. Nf4 Nf6 15. f3
Qe7 16. b3 b6 17. a4 Ba6 18. Nd3 h5 19. gxh5 Nxh5 20. f4 Ng3 21. Rf3 Nde4 22.
Ne2 Nxe2+ 23. Qxe2 Qb4 24. Nxb4 Bxe2 25. Nxc6 Rac8 26. Nxa7 Rc2 27. Ba3 Bxf3 28.
Bxf3 Rf6 0-1

[Event "Reykjavik Open 2015"]
[Site "Reykjavik ISL"]
[Date "2015.03.18"]
[Round "10.21"]
[White "Hauge, Lars Oskar"]
[Black "Rombaldoni, Axel"]
[Result "0-1"]
[WhiteTitle "FM"]
[BlackTitle "GM"]
[WhiteElo "2380"]
[BlackElo "2488"]
[WhiteFideId "1509276"]
[BlackFideId "815837"]
[EventDate "2015.03.10"]

1. d4 Nf6 2. Nc3 d5 3. Bg5 e6 4. e4 Be7 5. e5 Nfd7 6. h4 h6 7. Bxe7 Qxe7 8. Qg4
O-O 9. O-O-O c5 10. f4 cxd4 11. Nb5 Nc6 12. Nxd4 Nxd4 13. Rxd4 Nc5 14. Bd3 f5
15. exf6 Qxf6 16. Qd1 Nxd3+ 17. Qxd3 e5 18. fxe5 Qf2 19. Ne2 Bf5 20. Qd2 Qxg2
21. Re1 Be4 22. Qb4 Rac8 23. c3 Rf1 24. Rdd1 Rxe1 25. Rxe1 Qf2 26. Kd2 Rf8 27.
Qd4 Qxh4 28. Qxa7 Qh3 29. Qe3 Rf3 30. Qc5 Rd3+ 31. Kc1 Rd2 32. Qc8+ Qxc8 0-1

[Event "Reykjavik Open 2015"]
[Site "Reykjavik ISL"]
[Date "2015.03.18"]
[Round "10.22"]
[White "Abdumalik, Zhansaya"]
[Black "Kristjansson, Stefan"]
[Result "1/2-1/2"]
[WhiteTitle "WGM"]
[BlackTitle "GM"]
[WhiteElo "2379"]
[BlackElo "2482"]
[WhiteFideId "13703544"]
[BlackFideId "2301172"]
[EventDate "2015.03.10"]

1. e4 c5 2. Nf3 e6 3. d4 cxd4 4. Nxd4 Nc6 5. Nc3 Qc7 6. Be3 a6 7. Qf3 Bb4 8.
O-O-O Bxc3 9. bxc3 Nf6 10. Bf4 e5 11. Bh6 Nxd4 12. cxd4 O-O 13. Bg5 Qd6 14. Bxf6
Qxf6 15. Qxf6 gxf6 16. dxe5 fxe5 17. Bc4 b5 18. Bd5 Ra7 19. f4 d6 20. f5 Rd8 21.
Rd3 Bb7 22. Rhd1 Bxd5 23. Rxd5 Rad7 24. R1d3 Rc8 25. Rxd6 Rxd6 26. Rxd6 Rc4 27.
Rxa6 Rxe4 28. Rb6 b4 29. Kb2 Kg7 30. g3 Rc4 31. Kb3 Rc3+ 32. Kb2 Rc4 33. Kb3
Rc3+ 34. Kb2 Rc4 35. Kb3 1/2-1/2

[Event "Reykjavik Open 2015"]
[Site "Reykjavik ISL"]
[Date "2015.03.18"]
[Round "10.23"]
[White "Christiansen, Johan-Sebastian"]
[Black "Georgiadis, Nico"]
[Result "1/2-1/2"]
[WhiteTitle "FM"]
[BlackTitle "IM"]
[WhiteElo "2351"]
[BlackElo "2468"]
[WhiteFideId "1512668"]
[BlackFideId "1300113"]
[EventDate "2015.03.10"]

1. c4 f5 2. g3 Nf6 3. Bg2 g6 4. Nc3 Bg7 5. d3 O-O 6. e4 fxe4 7. dxe4 d6 8. Nge2
c5 9. O-O Nc6 10. h3 e5 11. Nd5 Nxd5 12. cxd5 Nd4 13. Nxd4 exd4 14. Re1 Bd7 15.
Bf4 Qc7 16. Rc1 Rae8 17. Qb3 Rf7 18. a4 b6 19. Qa2 Ref8 20. Rc2 Kh8 21. b4 Rxf4
22. gxf4 Rxf4 23. bxc5 bxc5 24. Qb3 Qa5 25. Rb1 Be5 26. Ra2 Kg7 27. Qd3 Rf7 28.
Rb7 g5 29. Bf1 Kh6 30. Qd2 Qd8 31. Bb5 Bf4 32. Qd1 Bg4 33. Qxg4 Rxb7 34. Kg2 Qf6
35. Ra3 Qe5 36. Qf3 Kg7 37. Rb3 h6 38. Qe2 Qf6 39. Rf3 Re7 40. Rb3 Rb7 41. Qf3
Be5 42. Qh5 Qf4 43. Rf3 Qh2+ 44. Kf1 d3 45. Rxd3 Qh1+ 46. Ke2 Qxe4+ 47. Re3 Qxd5
48. Qe8 Rf7 49. Kf1 Qh1+ 50. Ke2 Qg2 51. Kd1 Qg1+ 52. Re1 Qxf2 53. Bd3 c4 54.
Rf1 Qxf1+ 55. Bxf1 Rxf1+ 56. Ke2 Rf7 57. Qc8 c3 58. h4 gxh4 59. Qg4+ Kf8 60.
Qxh4 Re7 61. Kd3 Bg7 62. Qh5 Rf7 63. Qd5 Be5 64. Qe6 Rf3+ 65. Ke2 Rf6 66. Qc8+
Kg7 67. Qd7+ Rf7 68. Qg4+ Kf8 69. Kd3 Rf2 70. Ke3 Rh2 71. Qc8+ Kg7 72. Qd7+ Kg6
73. Qe6+ Kg5 74. Qg8+ Kf6 75. Qf8+ Ke6 76. Qe8+ Kf6 77. Qf8+ Ke6 78. Qe8+ Kf6
79. Qf8+ Ke6 80. Ke4 1/2-1/2

[Event "Reykjavik Open 2015"]
[Site "Reykjavik ISL"]
[Date "2015.03.18"]
[Round "10.24"]
[White "Bekker-Jensen, Simon"]
[Black "Johannesson, Oliver"]
[Result "0-1"]
[WhiteTitle "IM"]
[WhiteElo "2462"]
[BlackElo "2212"]
[WhiteFideId "1403613"]
[BlackFideId "2305623"]
[EventDate "2015.03.10"]

1. d4 d5 2. c4 c6 3. Nf3 Nf6 4. Nc3 dxc4 5. a4 Bf5 6. Ne5 Nbd7 7. Nxc4 Qc7 8.
Qd2 e6 9. Qf4 Qxf4 10. Bxf4 Nb6 11. Nd6+ Bxd6 12. Bxd6 Nc4 13. Bg3 Ne4 14. Nxe4
Bxe4 15. e3 Nb6 16. f3 Bg6 17. a5 Nd7 18. Bc4 O-O 19. Kf2 Rfe8 20. Rhd1 Rac8 21.
b4 a6 22. h3 Nf6 23. e4 Red8 24. Bh4 Rd7 25. Bb3 h6 26. g4 Kf8 27. Rac1 Re8 28.
Ke3 Ng8 29. Bg3 f6 30. h4 h5 31. Rc5 Bf7 32. Rc3 hxg4 33. fxg4 Nh6 34. g5 Ng4+
35. Kf4 Bh5 36. gxf6 gxf6 37. Rcd3 e5+ 38. dxe5 fxe5+ 39. Kf5 Rg7 40. Bf4 exf4
41. Kxf4 Nf2 0-1

[Event "Reykjavik Open 2015"]
[Site "Reykjavik ISL"]
[Date "2015.03.18"]
[Round "10.25"]
[White "Rasmussen, Allan Stig"]
[Black "Ragnarsson, Dagur"]
[Result "1-0"]
[WhiteTitle "GM"]
[WhiteElo "2532"]
[BlackElo "2347"]
[WhiteFideId "1406000"]
[BlackFideId "2304058"]
[EventDate "2015.03.10"]

1. d4 f5 2. c4 Nf6 3. Nc3 g6 4. Nf3 Bg7 5. Bf4 O-O 6. e3 d6 7. Bg3 c6 8. Be2 Ne4
9. Nxe4 fxe4 10. Nd2 Bf5 11. O-O Nd7 12. Bh4 d5 13. Qb3 Qa5 14. Rfd1 e5 15. g4
Be6 16. Qxb7 Rab8 17. Qxc6 Rb6 18. Qc7 Qa6 19. cxd5 Qxe2 20. dxe6 Qxg4+ 21. Bg3
Qxe6 22. Nc4 Rbb8 23. dxe5 Nxe5 24. Nxe5 Rb5 25. Rd6 Qe8 26. Rd7 Bxe5 27. Qc4+
Kh8 28. Qxb5 Bxg3 29. hxg3 Qe6 30. Qc5 Re8 31. Qd4+ 1-0

[Event "Reykjavik Open 2015"]
[Site "Reykjavik ISL"]
[Date "2015.03.18"]
[Round "10.26"]
[White "Loos, Roland"]
[Black "Tari, Aryan"]
[Result "1/2-1/2"]
[BlackTitle "IM"]
[WhiteElo "2337"]
[BlackElo "2509"]
[WhiteFideId "4643232"]
[BlackFideId "1510045"]
[EventDate "2015.03.10"]

1. e4 c5 2. Nf3 e6 3. d4 cxd4 4. Nxd4 a6 5. Bd3 Nf6 6. O-O e5 7. Nb3 d6 8. Nc3
Be7 9. f4 O-O 10. Qe1 Nbd7 11. a4 b6 12. fxe5 Nxe5 13. Bg5 Be6 14. Nd4 Nfd7 15.
Bxe7 Qxe7 16. Nf5 Bxf5 17. Nd5 Qd8 18. Rxf5 Re8 19. Qg3 Kh8 20. Raf1 Re6 21. Rg5
g6 22. Qf4 Kg7 23. Rg3 Nf6 24. Rh3 h5 25. Ne3 Nh7 26. Rg3 Rf6 27. Nf5+ Kh8 28.
Qh6 Qg8 29. Ne7 Rxf1+ 30. Bxf1 Qd8 31. Nd5 Kg8 32. Qxh5 Kg7 33. Qd1 Nf6 34. Qd4
Nxd5 35. Qxd5 Rc8 36. c3 b5 37. axb5 axb5 38. Qd4 Rb8 39. Rd3 Qg5 40. Qe3 Qxe3+
41. Rxe3 b4 42. h3 1/2-1/2

[Event "Reykjavik Open 2015"]
[Site "Reykjavik ISL"]
[Date "2015.03.18"]
[Round "10.27"]
[White "Ni, Shiqun"]
[Black "Colovic, Aleksandar"]
[Result "1-0"]
[WhiteTitle "WIM"]
[BlackTitle "GM"]
[WhiteElo "2315"]
[BlackElo "2482"]
[WhiteFideId "8608466"]
[BlackFideId "15000729"]
[EventDate "2015.03.10"]

1. e4 c5 2. Nf3 e6 3. c4 Nc6 4. Be2 g5 5. h3 Bg7 6. d3 h6 7. Nc3 d6 8. Be3 f5 9.
exf5 exf5 10. Nh2 Nf6 11. Bh5+ Nxh5 12. Qxh5+ Kf8 13. f4 Nb4 14. Kd2 gxf4 15.
Bxf4 d5 16. Rae1 Bd7 17. Qg6 Qf6 18. Qxf6+ Bxf6 19. cxd5 Kf7 20. Nf3 Bxc3+ 21.
bxc3 Nxd5 22. Bd6 Rhg8 23. Rhg1 Rae8 24. Ne5+ Ke6 25. Bxc5 Nf4 26. Ng6+ Kd5 27.
Nxf4+ Kxc5 28. Rxe8 Rxe8 29. Re1 Rxe1 30. Kxe1 b5 31. a3 a5 32. Kf2 b4 33. axb4+
axb4 34. cxb4+ Kxb4 35. Ke3 Kc5 36. h4 Bc8 37. Ng6 Bd7 38. Kf4 Kd6 39. h5 Bb5
40. Kxf5 Bxd3+ 41. Kf6 Be2 42. Nf4 Bg4 43. Kg6 Ke5 44. Kxh6 Kf6 45. Nd5+ Kf7 46.
Ne3 Be2 1-0